00696 a2200193 4500020001000000035001300010037004300023082000600066090001500072100002600087245006100113260003900174270008800213300002300301490002600324942002100350999001500371952011600386 c75.00 aB-211105 bRP-PV-4 / PANSY-07-08:5 / RP-07-08:ENG14aN c3999d39991 aGardner, Erle Stanley1 aThe case of the vagabond virgincby Erle Stanley Gardner aBangalorebMaster Mind Booksc2006 aNo. 25, Vasan Towers, Dr. TCM Royan Raode560053k080-26705679mvasanbks@bgl.net.in a247 pc18 cm (pbk) aA perry mason mystery adplcENkN / GAR c3918d3918 00102ddc407-18FICaZLSbZLSg75.00l0oN GARpB-211105r2008-09-15 00:00:00t1u4162v75.00w2008-09-15yEN